Loading...
Professional hand book of the donkey
| Main Author: | |
|---|---|
| Format: | Printed Book |
| Language: | Undetermined |
| Published: |
Devon
1989
The Donkey sanctuary |
| Edition: | 2 |
| Subjects: |
| LEADER | 00625nam a2200229Ia 4500 | ||
|---|---|---|---|
| 008 | 141122s9999 xx 000 0 und d | ||
| 040 | |c . | ||
| 041 | |a English | ||
| 082 | |a 636.182 | ||
| 082 | |b SVE/PR | ||
| 100 | |a Ellisabeth D Svendsen | ||
| 245 | |a Professional hand book of the donkey | ||
| 245 | |c Ellisabeth D Svendsen | ||
| 250 | |a 2 | ||
| 260 | |b Devon | ||
| 260 | |b The Donkey sanctuary | ||
| 260 | |c 1989 | ||
| 300 | |a 284 Pages | ||
| 650 | |a LPM | ||
| 942 | |c BK | ||
| 999 | |c 532 |d 532 | ||
| 952 | |0 0 |1 0 |4 0 |6 636_182000000000000_SVEPR |7 0 |9 530 |a COVAS |b COVAS |d 0000-00-00 |o 636.182 SVE/PR |p 15419 |r 2014-11-26 |w 2014-11-26 |y BK | ||